WWE Superstars that have won the World Heavyweight Title - Statistics

General Stats
  • This quiz has been taken 243 times
  • The average score is 20 of 25
Answer Stats
Year he held it(recent) Reigns Wrestler % Correct
2013 3 John Cena
96%
2005 5 Triple H
96%
2013 4 Randy Orton
92%
2010 3 Undertaker
91%
2010 1 Kane
89%
2011 7 Edge
88%
2013 2 Big Show
87%
2010 2 Rey Mysterio
86%
2002 1 Shawn Michaels
86%
2008 4 Batista
85%
2009 3 CM Punk
83%
2010 3 Chris Jericho
82%
2013 2 Alberto Del Rio
79%
2012 1 Daniel Bryan
78%
2011 1 Mark Henry
76%
2012 1 Sheamus
76%
2006 1 Kurt Angle
74%
2011 2 Christian
72%
2010 1 Jack Swagger
70%
2009 2 Jeff Hardy
69%
2006 1 King Booker
69%
2013 2 Dolph Ziggler
67%
2003 1 Goldberg
66%
2007 1 The Great Khali
63%
2004 1 No One (Chris Benoit)
62%
No matching quizzes found
Score Distribution
Percent of People with Each Score
Percentile by Number Answered
Your Score History
You have not taken this quiz